Complete the Horror Tropes Quiz Stats

Quiz Updated Oct 31, 2017

Challenge
Share
Tweet
Embed
Score 0/30 Timer 08:00
1 Play Today
% Correct
mirror
95.1%
backseat
95%
falling
94.9%
basement
94.9%
thunder
94.8%
keys
94.8%
haunted
94.7%
babies
94.6%
holiday
94.5%
signal
94%
child
93.8%
phone
93.8%
zombie
93.7%
dead
93.4%
clocks
93.3%
% Correct
puppets
93.1%
axe
93%
Salem
92.8%
sinned
92.7%
monochrome
92.2%
teenagers
91.5%
footage
91%
Indian
91%
villain
90.8%
split
90.1%
police
88.6%
minorities
86.2%
photographs
81.7%
man
77.2%
chainsaw
76.8%

You're not logged in!

Compare scores with friends on all Sporcle quizzes.
Sign Up with Email
OR
Log In

You Might Also Like...

Show Comments

Extras

Top Quizzes Today


Score Distribution

Your Account Isn't Verified!

In order to create a playlist on Sporcle, you need to verify the email address you used during registration. Go to your Sporcle Settings to finish the process.